<?xml version="1.0" encoding="UTF-8"?>
<record
    xmlns:xsi="http://www.w3.org/2001/XMLSchema-instance"
    xsi:schemaLocation="http://www.loc.gov/MARC21/slim http://www.loc.gov/standards/marcxml/schema/MARC21slim.xsd"
    xmlns="http://www.loc.gov/MARC21/slim">

  <leader>00635nam a22002177a 4500</leader>
  <controlfield tag="003">UA-OsUOA</controlfield>
  <controlfield tag="001"> 41872 </controlfield>
  <controlfield tag="007">ta</controlfield>
  <controlfield tag="008">20081110b un ||||| |||| 00| 0 ukr d</controlfield>
  <datafield tag="090" ind1=" " ind2=" ">
    <subfield code="a">061/030</subfield>
    <subfield code="b">&#x413;87</subfield>
  </datafield>
  <datafield tag="942" ind1=" " ind2=" ">
    <subfield code="c">BK</subfield>
  </datafield>
  <datafield tag="040" ind1=" " ind2=" ">
    <subfield code="a">UA-OsUOA</subfield>
    <subfield code="b">ukr</subfield>
    <subfield code="c">UA-OsUOA</subfield>
    <subfield code="d">UA-OsUOA</subfield>
  </datafield>
  <datafield tag="245" ind1=" " ind2=" ">
    <subfield code="a">&#x413;&#x440;&#x43E;&#x43C;&#x430;&#x434;&#x441;&#x44C;&#x43A;&#x456; &#x43E;&#x440;&#x433;&#x430;&#x43D;&#x456;&#x437;&#x430;&#x446;&#x456;&#x457; - &#x443;&#x447;&#x430;&#x441;&#x43D;&#x438;&#x43A;&#x438; &#x406;&#x406;&#x406; &#x432;&#x441;&#x435;&#x441;&#x432;&#x456;&#x442;&#x43D;&#x44C;&#x43E;&#x433;&#x43E; &#x444;&#x43E;&#x440;&#x443;&#x43C;&#x443; &#x443;&#x43A;&#x440;&#x430;&#x457;&#x43D;&#x446;&#x456;&#x432;</subfield>
    <subfield code="b">&#x406;&#x43D;&#x444;&#x43E;&#x440;&#x43C;&#x430;&#x446;&#x456;&#x439;&#x43D;&#x438;&#x439; &#x434;&#x43E;&#x432;&#x456;&#x434;&#x43D;&#x438;&#x43A;</subfield>
  </datafield>
  <datafield tag="300" ind1=" " ind2=" ">
    <subfield code="a">55 &#x441;.</subfield>
  </datafield>
  <datafield tag="955" ind1=" " ind2=" ">
    <subfield code="a">4</subfield>
  </datafield>
  <datafield tag="041" ind1=" " ind2=" ">
    <subfield code="a">ukr</subfield>
  </datafield>
  <datafield tag="080" ind1=" " ind2=" ">
    <subfield code="a">061/030</subfield>
  </datafield>
  <datafield tag="260" ind1=" " ind2=" ">
    <subfield code="a">&#x41A;.</subfield>
    <subfield code="c">2001</subfield>
  </datafield>
  <datafield tag="650" ind1=" " ind2="7">
    <subfield code="a">0 &#x417;&#x430;&#x433;&#x430;&#x43B;&#x44C;&#x43D;&#x438;&#x439; &#x432;&#x456;&#x434;&#x434;&#x456;&#x43B;.</subfield>
    <subfield code="2">UDC</subfield>
  </datafield>
  <datafield tag="999" ind1=" " ind2=" ">
    <subfield code="c">440371</subfield>
    <subfield code="d">440371</subfield>
  </datafield>
  <datafield tag="952" ind1=" " ind2=" ">
    <subfield code="0">0</subfield>
    <subfield code="1">0</subfield>
    <subfield code="2">udc</subfield>
    <subfield code="4">0</subfield>
    <subfield code="7">0</subfield>
    <subfield code="a">300</subfield>
    <subfield code="b">300</subfield>
    <subfield code="d">2008-11-10</subfield>
    <subfield code="e">180/2008</subfield>
    <subfield code="g">1.00</subfield>
    <subfield code="i">2130024</subfield>
    <subfield code="l">0</subfield>
    <subfield code="o">061/030 &#x413;87</subfield>
    <subfield code="p">2130024</subfield>
    <subfield code="r">2019-09-15 00:00:00</subfield>
    <subfield code="w">2008-11-10</subfield>
    <subfield code="y">BK</subfield>
  </datafield>
</record>
